มุมมองปกติ
มุมมองแบบ MARC
- สิทธิกร ขาวสะอาด
รายการ Personal Name
001 - CONTROL NUMBER
- control field: 39828
003 - CONTROL NUMBER IDENTIFIER
- control field: NALT
005 - DATE AND TIME OF LATEST TRANSACTION
- control field: 20190527103821.0
008 - FIXED-LENGTH DATA ELEMENTS
- fixed length control field: 190527|| aca||aabn | a|a d
040 ## - CATALOGING SOURCE
- Original cataloging agency: NALT
100 ## - HEADING--PERSONAL NAME
- Personal name: สิทธิกร ขาวสะอาด
